<?xml version="1.0" encoding="UTF-8"?>
<marc:record xmlns:marc="http://www.loc.gov/MARC21/slim">
   <marc:leader>00000nam a2200000 a 4500</marc:leader>
   <marc:datafield ind1="1" ind2=" " tag="100">
      <marc:subfield code="a">Lumma, Liborius Olaf</marc:subfield>
      <marc:subfield code="4">aut</marc:subfield>
      <marc:subfield code="e">Verfasser/-in</marc:subfield>
   </marc:datafield>
   <marc:datafield ind1=" " ind2=" " tag="653">
      <marc:subfield code="a">Stundengebet</marc:subfield>
   </marc:datafield>
   <marc:datafield ind1=" " ind2=" " tag="653">
      <marc:subfield code="a">Lehrbuch</marc:subfield>
   </marc:datafield>
   <marc:datafield ind1="0" ind2="0" tag="245">
      <marc:subfield code="a">Liturgie im Rhythmus des Tages</marc:subfield>
   </marc:datafield>
   <marc:datafield ind1="0" ind2="0" tag="245">
      <marc:subfield code="b">eine kurze Einführung in Geschichte und Praxis des Stundengebets</marc:subfield>
   </marc:datafield>
   <marc:datafield ind1="0" ind2="0" tag="245">
      <marc:subfield code="c">Liborius Olaf Lumma</marc:subfield>
   </marc:datafield>
   <marc:datafield ind1=" " ind2="1" tag="264">
      <marc:subfield code="a">Regensburg</marc:subfield>
      <marc:subfield code="b">Pustet</marc:subfield>
      <marc:subfield code="c">2011</marc:subfield>
   </marc:datafield>
   <marc:datafield ind1="1" ind2=" " tag="520">
      <marc:subfield code="a">Angaben aus der Verlagsmeldung

Feiern im Rhythmus des Tages : Eine kurze Einführung in Geschichte und Praxis des Stundengebets / von Liborius Olaf Lumma

Die Tagzeitenliturgie gehört zum ältesten christlichen Erbe. Nachdem sie in der katholischen Kirche über Jahrhunderte nur noch von Klerikern und Ordensleuten gepflegt wurde, war es das Ziel der Liturgischen Bewegung und des II. Vatikanischen Konzils, die Tagzeiten wieder als Gemeindefeier zu beleben und ihnen einen Platz im Herzen christlicher Spiritualität zukommen zu lassen.

Ausgehend von einem geschichtlichen Überblick gibt das Buch Anregungen für die Tagzeitenpraxis. Es erschließt die theologischen Grundgedanken dieser Gebetskultur und bezieht ökumenische Optionen mit ein.
</marc:subfield>
   </marc:datafield>
   <marc:datafield ind1=" " ind2=" " tag="020">
      <marc:subfield code="a">9783791723969</marc:subfield>
      <marc:subfield code="9">9783791723969</marc:subfield>
   </marc:datafield>
   <marc:datafield ind1=" " ind2=" " tag="020">
      <marc:subfield code="a">3791723960</marc:subfield>
      <marc:subfield code="9">3791723960</marc:subfield>
   </marc:datafield>
   <marc:datafield ind1=" " ind2=" " tag="041">
      <marc:subfield code="a">ger</marc:subfield>
   </marc:datafield>
   <marc:datafield ind1=" " ind2=" " tag="300">
      <marc:subfield code="a">149 S.</marc:subfield>
   </marc:datafield>
</marc:record>
